Tribhuvan University Central Library

Anarko bot kathama samabista shabdabhandarko adhyayan (Record no. 96416)

MARC details
000 -LEADER
fixed length control field 00497nam a22001697a 4500
008 - FIXED-LENGTH DATA ELEMENTS--GENERAL INFORMATION
fixed length control field 200916b xxu||||| |||| 00| 0 eng d
041 ## - LANGUAGE CODE
Language code of text/sound track or separate title Nepali
082 ## - DEWEY DECIMAL CLASSIFICATION NUMBER
Classification number CD16630
100 ## - MAIN ENTRY--PERSONAL NAME
Personal name Gautam, Anita
245 ## - TITLE STATEMENT
Title Anarko bot kathama samabista shabdabhandarko adhyayan
260 ## - PUBLICATION, DISTRIBUTION, ETC. (IMPRINT)
Place of publication, distribution, etc Kathmandu
Name of publisher, distributor, etc Central dept. of education
Date of publication, distribution, etc 2074 B. S.
502 ## - DISSERTATION NOTE
Dissertation note Dissertation
Degree type Degree in Education
Name of granting institution T U
Year degree granted 2074 B.S.
546 ## - LANGUAGE NOTE
Language note Nepali
650 ## - SUBJECT ADDED ENTRY--TOPICAL TERM
Topical term or geographic name as entry element Nepali Literature
650 ## - SUBJECT ADDED ENTRY--TOPICAL TERM
Topical term or geographic name as entry element Nepali story
942 ## - ADDED ENTRY ELEMENTS (KOHA)
Source of classification or shelving scheme Dewey Decimal Classification
Koha item type Audio Visual Materials
Holdings
Withdrawn status Lost status Source of classification or shelving scheme Damaged status Not for loan Home library Current library Date acquired Total Checkouts Full call number Barcode Date last seen Price effective from Koha item type
    Dewey Decimal Classification     Tribhuvan University Central Library Tribhuvan University Central Library 09/16/2020   CD16630 A16581 09/16/2020 09/16/2020 Audio Visual Materials